Towards the Islamisation of critical pedagogy : a Malaysian case study /
Saved in:
| Main Author: | |
|---|---|
| Format: | Thesis |
| Language: | English |
| Published: |
United Kingdom :
University of Sheffield,
2006
|
| Subjects: | |
| Online Access: | Click here to view 1st 24 pages of the thesis. Members can view fulltext at the specified PCs in the library. |
| Tags: |
Add Tag
No Tags, Be the first to tag this record!
|
| LEADER | 019010000a22003850004500 | ||
|---|---|---|---|
| 001 | 373256 | ||
| 005 | 20230420100708.0 | ||
| 008 | 070227t2006 xxkab g m 000 0 eng d | ||
| 035 | |a (Sirsi) 373256 | ||
| 040 | |a UIAM |b eng |e rda | ||
| 043 | |a a-my--- | ||
| 050 | 0 | 0 | |a LC196.5.M4 |
| 100 | 0 | |a Suhailah Hussien, |e author |9 10391 | |
| 245 | 1 | 0 | |a Towards the Islamisation of critical pedagogy : |b a Malaysian case study / |c Suhailah Hussien |
| 264 | 1 | |a United Kingdom : |b University of Sheffield, |c 2006 | |
| 264 | 4 | |c c2006 | |
| 300 | |a x, 356 p. : |b illustrations, maps. ; |c 30 cm. | ||
| 336 | |2 rdacontent |a text | ||
| 337 | |2 rdamedia |a unmediated | ||
| 338 | |2 rdacarrier |a volume | ||
| 500 | |a "A thesis submitted for the degree of Ph. D."--On t itle page. | ||
| 502 | |a Thesis (Ph. D.)--University of Sheffield, 2006. | ||
| 504 | |a Includes bibliographical references (leaves 309-327). | ||
| 650 | 0 | |a Critical pedagogy |v Case studies |z Malaysia |9 113297 | |
| 650 | 0 | |a Islamic education |v Case studies |z Malaysia |9 113298 | |
| 650 | 0 | |a Islamic religious education |v Case studies |x Curricula |z Malaysia |9 72327 | |
| 650 | 0 | |a Islamic education |x Philosophy |z Malaysia |9 89975 | |
| 650 | 0 | |a Knowledge, Theory of (Islam) |v Case studies |9 113299 | |
| 655 | 0 | 7 | |a Theses, IIUM foreign |9 13634 |
| 856 | 4 | |u https://lib.iium.edu.my/mom/services/mom/document/getFile/spWTyEgwEcHgEBNdbC2gEA1fSE1ui9Ik20100322081902656 |z Click here to view 1st 24 pages of the thesis. Members can view fulltext at the specified PCs in the library. | |
| 900 | |a hj-his | ||
| 942 | |2 lcc |n 0 | ||
| 999 | |c 434252 |d 467079 | ||
| 952 | |0 0 |6 T LC 000196.5 M4 S947T 2006 |7 0 |8 THESES |9 752298 |a IIUM |b IIUM |c MULTIMEDIA |g 0.00 |o t LC 196.5 M4 S947T 2006 |p 00001090144 |r 2017-10-19 |t 1 |v 0.00 |y THESIS | ||
| 952 | |0 0 |6 TS CDF LC196.5M4S947T 2006 |7 0 |8 THESES |9 826606 |a IIUM |b IIUM |c MULTIMEDIA |g 0.00 |o ts cdf LC196.5M4S947T 2006 |p 11100326327 |r 2017-10-27 |t 1 |v 0.00 |y THESISDIG | ||
